000 01102nam a2200265Ia 4500
001 13382
005 20251017073153.0
008 eng
010 _z80007755
020 _a0060634944
040 _cCMM
_dBSULIB
082 _a268.2
_bGRO
090 _aBV1471.2
_bG876C 1981
100 1 _aGroome, Thomas H.
_926001
245 1 0 _aChristian religious education :
_bsharing our story and vision /
_cThomas H. Groome.
250 _a1st Harper & Row paperback ed.
260 _aSan Francisco :
_bHarper & Row;
_c1980.
300 _axvii, 296 p. ;
_c24 cm.
500 _aIncludes index.
504 _aBibliography: p. [279]-290.
505 _a1. The nature of Christian Religious Education 2. The Purpose of Christian Religious Education 3. The Context of Christian Religious Education 4. An Approach to Christian Religious Education: shared Praxis 5. Readiness for Christian Religious Education by shared praxis 6. The Copartners in Christian Religious Education
630 _aChristian Education
_926002
650 0 _aChristian education.
_97910
942 _2ddc
_cBK
999 _c13382
_d13382